000 00371nam a2200133Ia 4500
008 151001s9999||||xx |||||||||||||| ||und||
100 _aसुहास शिरवळकर
245 _aसमांतर
250 _a1
260 _bशब्दसन्मान प्रकाशन पुणे
260 _c1989
300 _a196
365 _b18
999 _c970215
_d970212